LEADER 01469cam1-2200385---450- 001 990003117250203316 005 20110517143838.0 035 $a000311725 035 $aUSA01000311725 035 $a(ALEPH)000311725USA01 035 $a000311725 100 $a20080610f---0---9km-y0itay50------ba 101 0 $aeng 102 $aNL 105 $a||||||||001yy 200 1 $aTheophrastus of Eresus : sources for his life, writings, thought and influence. Commentary$fR. W. Sharples 210 $aLeiden$aBoston$cBrill 215 $avolumi$d25 cm 463 \1$1001990002696660203316$12001 $a<> Sources on rhetoric and poetics (texts 666-713) 463 \1$1001990003048490203316$12001 $a<> Logic 463 \1$1001990003529390203316$12001 $a<> Sources on ethics 463 \1$1001990005876660203316$12001 $a<> Psychology$etexts 265-327 463 \1$1001990006120000203316$12001 $a<> Sources on discoveries and beginnings, proverbs et al. (texts 727-741) 600 0$aTeofrasto$2BNCF 676 $a185 700 1$aSHARPLES,$bRobert W.$0162233 801 0$aIT$bsalbc$gISBD 912 $a990003117250203316 951 $aII.1.A. 1438/$bL.M.$cII.1.A. 959 $aBK 969 $aUMA 979 $aDSLL$b90$c20080610$lUSA01$h1216 979 $aANNAMARIA$b90$c20110517$lUSA01$h1438 996 $aTheophrastus of Eresus : sources for his life, writings, thought and influence. Commentary$91020539 997 $aUNISA LEADER 00778nam0-22002891i-450- 001 990001826510403321 005 20021010 035 $a000182651 035 $aFED01000182651 035 $a(Aleph)000182651FED01 035 $a000182651 100 $a20021010d--------km-y0itay50------ba 101 0 $aita 200 1 $aGrotta Giusti. Monsummano in Toscana$fN. Melani. 210 $aPistoia$cTip. Grotta Giusti$d1905. 215 $a47 p.$d23 cm 610 0 $aAcque termali 676 $a546.22 700 1$aMelani,$bN.$0357661 801 0$aIT$bUNINA$gRICA$2UNIMARC 901 $aBK 912 $a990001826510403321 952 $a60 DONO COMES 23/39$b36500$fFAGBC 959 $aFAGBC 996 $aGrotta Giusti. Monsummano in Toscana$9413228 997 $aUNINA DB $aING01